000 02429cam a22004934i 4500
003 PE-LiUPU
005 20250731173053.0
008 180308s2017 ne rb 001 0 eng d
020 _a9789004347861
035 _a(Sirsi) a241472
040 _aPE-LiUPU
_bspa
_cPE-LiUPU
_erda
049 _aPRUA
082 0 4 _a200.71
_bM4
_222
245 0 2 _aMethod and theory in the study of religion;
_bworking papers from Hannover /
_cedited by Steffen Führding.
264 1 _aLeiden :
_bBrill,
_c2017.
300 _avii, 276 páginas :
_c25 centímetros.
336 _atext
_2rdacontent
337 _aunmediated
_2rdamedia
338 _avolume
_2rdacarrier
490 1 _aSupplements to method & theory in the study of religion ;
_v8
504 _aBibliografía : páginas 267-269.
504 _aÍndice : páginas 271-276.
505 0 _aTheory, method, hannover, and the study of religion -- Comparison, practice, and meaning: Martin Riesebrodt´s theory of religion -- A Plea for the study of religions -- Study of religions in the Era de globalization of differences: The concept of agonistic context -- "Man is the measure of all things": On the fabrication of Oriental religions by European history of religions -- Will the real fundamentalist please stand? Scholars and the category of ´fundamentalism´-- The ideology of religious studies revisited: The problem with politics -- Christian origins and the gospel of Mark -- God as hypothesis: Daniel Paul Schereber and the study of religion -- RS-Based RE-Uphill, and Uphill! -- The study of Islamic education, a Litmus test on State relations to Muslim Minorities -- Afterword: The Academic study of religions betwixt and betwixt and between different interests -- Index.
526 _aSEG42
526 _aSEG41
526 _aSEG40
526 _aSEG39
526 _aP94
526 _aP87
526 _aP86
526 _aP85
526 _aP77
526 _aP76
526 _aP35
650 0 4 _aReligión.
_95128
650 0 4 _aMetodología.
700 1 _aFührding, Steffen,
_eeditor.
910 _adbm
_bwmm
_cwmm
_d20180308
942 _2ddc
_cBOOK
994 _aC0
_bPEPRU
596 _a1
999 _a200.71 M4
_wDEWEY
_c27099
_i78363
_f2021-11-9
_g4
_lCCODEBUL1
_mBUL
_p46.38
_r0
_sY
_tBOOK
_u2018-3-8
_xTEOLOGIA
_PP35
_0COMPRA
_o.STAFF. Colección Teología
_d27099
980 _81
_gALBERTO SANCHEZ Responsable de Automatización